[Event "Regionalliga SW 0304"]
[Site "Bayern"]
[Date "2004.03.28"]
[Round "8.6"]
[White "Marbach, Eduard"]
[Black "Pierro, Robert"]
[Result "1-0"]
[WhiteElo "1932"]
[BlackElo "1969"]
[PlyCount "149"]
[EventDate "2003.10.??"]
[EventType "team"]
[EventRounds "9"]
[EventCountry "GER"]
[SourceTitle "EXT 2006"]
[Source "ChessBase"]
[SourceDate "2005.11.24"]
[SourceVersion "1"]
[SourceVersionDate "2005.11.24"]
[SourceQuality "1"]
[WhiteTeam "Burlafingen"]
[BlackTeam "Muenchen Suedost"]
[WhiteTeamCountry "GER"]
[BlackTeamCountry "GER"]

1. c4 Nf6 2. Nc3 e6 3. e4 d5 4. cxd5 exd5 5. e5 Ne4 6. Nxe4 dxe4 7. Qa4+ Nc6 8. Qxe4 Be6 9. Nf3 Bc5 10. Bc4 Qd7 11. 0-0 Rd8 12. Bxe6 Qxe6 13. a3 0-0 14. b4 Bd4 15. Nxd4 Rxd4 16. Qe3 Rfd8 17. Re1 Rd3 18. Qe2 Qb3 19. e6 fxe6 20. Qxe6+ Qxe6 21. Rxe6 Kf7 22. Re3 Rxe3 23. fxe3 Rd3 24. Kf1 Ne5 25. Ke2 Rb3 26. Ra2 c6 27. Kd1 Rd3 28. Kc2 Rd6 29. d4 Nc4 30. Kd3 b5 31. Rf2+ Ke7 32. h3 Rg6 33. g4 Rh6 34. Rf3 Rd6 35. Kc3 Re6 36. a4 a6 37. a5 Re4 38. Rf4 Re6 39. Kd3 Rh6 40. Rf3 Rd6 41. Ke2 Re6 42. Rf4 Rh6 43. Rf3 Re6 44. Kf2 Nd6 45. Ke2 Ne4 46. h4 Nf6 47. g5 Nd5 48. Bd2 Re4 49. Be1 Rg4 50. Rf1 Rg2+ 51. Rf2 Rg1 52. e4 Nc7 53. Rf1 Rg2+ 54. Kd3 Rg4 55. Ke3 h5 56. gxh6 gxh6 57. Bf2 Ne8 58. Rg1 Nf6 59. Rxg4 Nxg4+ 60. Kf3 Nf6 61. Be3 Ng8 62. Kg4 Kf6 63. Bf4 Kg6 64. h5+ Kf6 65. d5 cxd5 66. exd5 Ne7 67. d6 Ng8 68. d7 Ke7 69. Kf5 Kxd7 70. Kg6 Ne7+ 71. Kxh6 Nd5 72. Bd2 Kd6 73. Kg7 Ne7 74. h6 Nf5+ 75. Kg6 1-0

[Event "Regionalliga SW 0304"]
[Site "Bayern"]
[Date "2004.01.18"]
[Round "5.6"]
[White "Pierro, Robert"]
[Black "Sann, Michael"]
[Result "1/2-1/2"]
[WhiteElo "1969"]
[BlackElo "2046"]
[PlyCount "66"]
[EventDate "2003.10.??"]
[EventType "team"]
[EventRounds "9"]
[EventCountry "GER"]
[SourceTitle "EXT 2006"]
[Source "ChessBase"]
[SourceDate "2005.11.24"]
[SourceVersion "1"]
[SourceVersionDate "2005.11.24"]
[SourceQuality "1"]
[WhiteTeam "Muenchen Suedost"]
[BlackTeam "Unterhaching"]
[WhiteTeamCountry "GER"]
[BlackTeamCountry "GER"]

1. e4 Nf6 2. e5 Nd5 3. c4 Nb6 4. d4 d6 5. f4 dxe5 6. fxe5 Nc6 7. Be3 Bf5 8. Nc3 e6 9. Nf3 Qd7 10. Be2 0-0-0 11. Qd2 f6 12. Rd1 fxe5 13. Nxe5 Nxe5 14. dxe5 Qxd2+ 15. Rxd2 Rxd2 16. Bxd2 Bc5 17. Rf1 Nd7 18. Bf4 Bd4 19. Nb5 Bc5 20. a3 a6 21. b4 Bxb4+ 22. axb4 axb5 23. cxb5 Nb6 24. g4 Bg6 25. Bd2 Nd5 26. Rf3 Kd7 27. h4 Ra8 28. h5 Ra1+ 29. Kf2 Be4 30. Rf7+ Ke8 31. Rxg7 Ra2 32. Ke1 Ra1+ 33. Kf2 Ra2 1/2-1/2

[Event "Regionalliga SW 0304"]
[Site "Bayern"]
[Date "2003.11.23"]
[Round "3.6"]
[White "Pierro, Robert"]
[Black "Waltenberger, Udo"]
[Result "0-1"]
[WhiteElo "1969"]
[BlackElo "1957"]
[PlyCount "79"]
[EventDate "2003.10.??"]
[EventType "team"]
[EventRounds "9"]
[EventCountry "GER"]
[SourceTitle "EXT 2006"]
[Source "ChessBase"]
[SourceDate "2005.11.24"]
[SourceVersion "1"]
[SourceVersionDate "2005.11.24"]
[SourceQuality "1"]
[WhiteTeam "Muenchen Suedost"]
[BlackTeam "Muenchen 77 Nord"]
[WhiteTeamCountry "GER"]
[BlackTeamCountry "GER"]

1. e4 c5 2. Nf3 Nc6 3. d4 cxd4 4. Nxd4 g6 5. Nc3 Bg7 6. Be3 Nf6 7. Bc4 0-0 8. f3 Qb6 9. Qd2 Nxe4 10. fxe4 Bxd4 11. Bxd4 Qxd4 12. Qxd4 Nxd4 13. 0-0-0 Nc6 14. a3 d6 15. Rhf1 Be6 16. Bd5 Rac8 17. Rd2 b6 18. Rdf2 Ne5 19. Kb1 Ng4 20. Rf4 g5 21. Bxe6 fxe6 22. Rxf8+ Rxf8 23. Rxf8+ Kxf8 24. Nb5 Ke8 25. h3 Nf2 26. e5 d5 27. Nxa7 Kd7 28. Nb5 g4 29. h4 Nd1 30. Nc3 Ne3 31. g3 Nc4 32. h5 Nxe5 33. Nd1 Nf3 34. Kc1 Nd4 35. Ne3 Ne2+ 36. Kd2 Nxg3 37. Nxg4 Nxh5 38. a4 Kd6 39. b4 Nf6 40. Nh6 0-1

[Event "Regionalliga SW 0203"]
[Site "Bayern"]
[Date "2003.02.23"]
[Round "7.4"]
[White "Pierro, Robert"]
[Black "Stoehr, Herbert"]
[Result "1-0"]
[WhiteElo "1958"]
[BlackElo "2013"]
[PlyCount "45"]
[EventDate "2002.10.20"]
[EventType "team"]
[EventRounds "9"]
[EventCountry "GER"]
[SourceTitle "EXT 2004"]
[Source "ChessBase"]
[SourceDate "2003.11.25"]
[SourceVersion "1"]
[SourceVersionDate "2003.11.25"]
[SourceQuality "1"]
[WhiteTeam "Muenchen Suedost"]
[BlackTeam "Muenchen 77 Nord"]
[WhiteTeamCountry "GER"]
[BlackTeamCountry "GER"]

1. e4 c5 2. Nf3 d6 3. d4 cxd4 4. Nxd4 Nf6 5. Nc3 a6 6. Bg5 e6 7. f4 Be7 8. Qf3 Qc7 9. 0-0-0 Nbd7 10. Bd3 b5 11. Rhe1 Bb7 12. g4 Rc8 13. Bxf6 gxf6 14. g5 Nc5 15. Qh5 b4 16. Nd5 Bxd5 17. exd5 b3 18. axb3 Nxd3+ 19. Rxd3 e5 20. Nc6 fxg5 21. fxe5 Kf8 22. e6 fxe6 23. Rf3+ 1-0

[Event "Regionalliga SW 0102"]
[Site "Bayern"]
[Date "2002.01.20"]
[Round "4.5"]
[White "Schulz, Michael"]
[Black "Pierro, Robert"]
[Result "1-0"]
[WhiteElo "2085"]
[BlackElo "1965"]
[PlyCount "53"]
[EventDate "2001.10.07"]
[EventType "team"]
[EventRounds "9"]
[EventCountry "GER"]
[SourceTitle "EXT 2003"]
[Source "ChessBase"]
[SourceDate "2002.11.25"]
[SourceVersion "1"]
[SourceVersionDate "2002.11.25"]
[SourceQuality "1"]
[WhiteTeam "Muenchen Tarrasch"]
[BlackTeam "Muenchen Suedost"]
[WhiteTeamCountry "GER"]
[BlackTeamCountry "GER"]

1. d4 d5 2. Nf3 Nf6 3. Bg5 e6 4. e3 Be7 5. Nbd2 0-0 6. Bd3 c5 7. c3 Nc6 8. 0-0 b6 9. Ne5 Bb7 10. Qf3 Rc8 11. Qh3 g6 12. Bh6 Re8 13. f4 Rc7 14. Ndf3 Ne4 15. Nxf7 Kxf7 16. Bxe4 dxe4 17. Ng5+ Bxg5 18. Bxg5 Ree7 19. Qxh7+ Ke8 20. Qxg6+ Kd7 21. f5 Kc8 22. Bxe7 Qxe7 23. fxe6 Nd8 24. Rf6 Bd5 25. Raf1 cxd4 26. exd4 Qg7 27. Qf5 1-0

[Event "Landesliga Sued 0001"]
[Site "Bayern"]
[Date "2001.03.11"]
[Round "7"]
[White "Caspers, Christian"]
[Black "Pierro, Robert"]
[Result "1-0"]
[WhiteElo "2025"]
[BlackElo "1965"]
[PlyCount "75"]
[EventDate "2000.10.15"]
[EventType "team-tourn"]
[EventRounds "9"]
[EventCountry "GER"]
[SourceTitle "EXT 2020"]
[Source "ChessBase"]
[SourceDate "2019.10.17"]
[SourceVersion "1"]
[SourceVersionDate "2019.10.17"]
[SourceQuality "1"]
[WhiteTeam "Muenchen Siemens"]
[BlackTeam "Muenchen Suedost"]
[WhiteTeamCountry "GER"]
[BlackTeamCountry "GER"]

1. d4 Nf6 2. c4 g6 3. Nc3 Bg7 4. e4 d6 5. f4 0-0 6. Nf3 c5 7. d5 Bg4 8. Be2 Bxf3 9. Bxf3 Na6 10. 0-0 h5 11. Qe2 Nd7 12. e5 dxe5 13. f5 Rb8 14. Be4 Qe8 15. d6 exd6 16. Nd5 Nf6 17. Nxf6+ Bxf6 18. Bh6 Bg7 19. Bxg7 Kxg7 20. f6+ Kh6 21. Qd2+ Kh7 22. Qg5 Rh8 23. Rad1 Qf8 24. Qxh5+ Kg8 25. Qg5 Rh5 26. Qg3 Kh7 27. Qg4 Qh6 28. h3 Rh4 29. Qe2 Rd8 30. Bxb7 Nc7 31. Qe1 Ne6 32. Bd5 Rf4 33. Qa5 Qf8 34. Qxa7 Kg8 35. Bxe6 fxe6 36. Qe7 Qxf6 37. Qxf6 Rxf6 38. Rxf6 1-0

[Event "Regionalliga SW 9900"]
[Site "Bayern"]
[Date "2000.??.??"]
[Round "6.8"]
[White "Lux, Werner"]
[Black "Pierro, Robert"]
[Result "0-1"]
[WhiteElo "1865"]
[BlackElo "1975"]
[PlyCount "80"]
[EventDate "1999.??.??"]
[EventType "team-tourn"]
[EventRounds "9"]
[EventCountry "GER"]
[SourceTitle "EXT 2020"]
[Source "ChessBase"]
[SourceDate "2019.10.17"]
[SourceVersion "1"]
[SourceVersionDate "2019.10.17"]
[SourceQuality "1"]
[WhiteTeam "Tuerkheim"]
[BlackTeam "Muenchen Suedost"]
[WhiteTeamCountry "GER"]
[BlackTeamCountry "GER"]

1. d4 Nf6 2. c4 g6 3. Nc3 Bg7 4. e4 d6 5. Be2 0-0 6. Be3 e5 7. Nf3 Nc6 8. d5 Ne7 9. b4 Nh5 10. Nd2 Nf4 11. 0-0 f5 12. f3 Kh8 13. c5 Ng8 14. cxd6 Qg5 15. Bxf4 exf4 16. Rc1 cxd6 17. Nb5 Qd8 18. Kh1 Nf6 19. Nc7 Rb8 20. Qa4 a6 21. b5 Nh5 22. Rfe1 Bb2 23. Rc4 Qh4 24. Qd1 Qf6 25. Nb3 Bc3 26. Kg1 Bxe1 27. Qxe1 axb5 28. Nxb5 Ra8 29. a4 Bd7 30. N3d4 Rfc8 31. Qb4 Rxc4 32. Qxc4 Rc8 33. Qb4 Rc1+ 34. Bf1 fxe4 35. fxe4 Qe5 36. Qxd6 Qxd6 37. Nxd6 b6 38. e5 Kg7 39. e6 Bxa4 40. Ne8+ Bxe8 0-1